Colloquial Arabic : (Record no. 37079)
[ view plain ]
| 000 -LEADER | |
|---|---|
| fixed length control field | 00534nam a22001691a 4500 |
| 003 - CONTROL NUMBER IDENTIFIER | |
| control field | NEGST |
| 005 - DATE AND TIME OF LATEST TRANSACTION | |
| control field | 20110718132406.0 |
| 008 - FIXED-LENGTH DATA ELEMENTS--GENERAL INFORMATION | |
| fixed length control field | 030613s 001 0 eng d |
| 100 1# - MAIN ENTRY--PERSONAL NAME | |
| Personal name | O'Leary, De Lacy. |
| 245 10 - TITLE STATEMENT | |
| Title | Colloquial Arabic : |
| Remainder of title | with notes on the vernacular speech of Egypt, Syria, and Mesopotamia... / |
| Statement of responsibility, etc | De Lacy O'Leary. |
| Medium | [Text] |
| 250 ## - EDITION STATEMENT | |
| Edition statement | 9th ed. |
| 260 ## - PUBLICATION, DISTRIBUTION, ETC. (IMPRINT) | |
| Place of publication, distribution, etc | London |
| Name of publisher, distributor, etc | Kegan Paul, Trench, Trubner |
| Date of publication, distribution, etc | [1925] |
| 300 ## - PHYSICAL DESCRIPTION | |
| Extent | xviii, 192p. |
| 590 ## - LOCAL NOTE (RLIN) | |
| Local note | Accession number: 19701 |
| 650 #0 - SUBJECT ADDED ENTRY--TOPICAL TERM | |
| Topical term or geographic name as entry element | Arabic language. |
| Withdrawn status | Lost status | Source of classification or shelving scheme | Damaged status | Not for loan | Collection code | Home library | Current library | Shelving location | Date acquired | Source of acquisition | Cost, normal purchase price | Total Checkouts | Full call number | Barcode | Date last seen | Copy number | Price effective from | Koha item type |
|---|---|---|---|---|---|---|---|---|---|---|---|---|---|---|---|---|---|---|
| Library of Congress Classification | General Circulation | AIU/NEGST - Tony Wilmot Memorial Library | AIU/NEGST - Tony Wilmot Memorial Library | General Stacks | 02/21/2012 | Donation - SIL | 25.95 | PJ 6779.O5 1925 | R07419A3232 | 09/26/2019 | 1 | 02/21/2012 | Books |
